LEADER 01785nam2-2200409---450 001 990005588310203316 005 20200424165404.0 035 $a000558831 035 $aUSA01000558831 035 $a(ALEPH)000558831USA01 035 $a000558831 100 $a19981214d1972----|||y0itaa50------ba 101 $afre 102 $afr 105 $a0 00||| 200 1 $a<<1: La >> philosophie païenne$edu 6e siècle avant J.-C. au 3e siècle après J.-C.$fpar Pierre Aubenque, Jean Bernhardt, François Chatelet 210 $aMilano$cRizzoli$d1972 215 $a275 p$d22 cm 300 $aContiene: Du mythe a la pensée rationelle / par François Châtelet$dLa pensée présocratique : da Thalès aux Sophistes / par Jean Bernhardt ; Platon / par François Châtelet ; Aristote / par Jean Bernhardt ; Les philosophies Hellénistiques : stoicisme, épicurisme, scepticisme / par Pierre Aubenque ; Plotin et le néoplatonisme / par Pierre Aubenque. 451 $1001000567353$1101$aita$1102$ait$12001$a<> filosofia pagana$edal 6. secolo a. C. al 3. secolo d. C.$fPierre Aubenque, Jean Bernhardt, François Chatelet$1210$aMilano$cRizzoli$d1976$1215$a179 p.$d22 cm. 461 0$1001000558830$12001$aHistoire de la philosophie$v1 606 $aFilosofia$xStoria$2F 620 $dPARIS 676 $a109 700 1$aCHÂTELET,$bFrançois$0376233 701 1$aBERNHARDT,$bJean$0159152 701 1$aAUBENQUE,$bPierre$0158968 801 0$aIT$bSA$c20111219 912 $a990005588310203316 950 0$aDipar.to di Filosofia - Salerno$dDFDD 109 HIS$e272 FIL 951 $aDD 109 HIS$b272 FIL 959 $aBK 969 $aFIL 979 $c20121027$lUSA01$h1525 979 $c20121027$lUSA01$h1614 996 $aPhilosophie Paienne$9478493 997 $aUNISA LEADER 01833nam 2200505 450 001 9910817985303321 005 20230801234623.0 010 $a88-921-5184-3 035 $a(CKB)3710000000453191 035 $a(EBL)2097414 035 $a(SSID)ssj0001576064 035 $a(PQKBManifestationID)16245328 035 $a(PQKBTitleCode)TC0001576064 035 $a(PQKBWorkID)14854601 035 $a(PQKB)11682666 035 $a(MiAaPQ)EBC2097414 035 $a(EXLCZ)993710000000453191 100 $a20150730h20122012 uy 0 101 0 $aita 135 $aur|n|---||||| 181 $ctxt 182 $cc 183 $acr 200 10$aApprendimento e tutela del lavoro /$fSilvia Ciucciovino 210 1$aTurin, [Italy] :$cG. Giappichelli Editore,$d2012. 210 4$d©2012 215 $a1 online resource (161 p.) 300 $aDescription based upon print version of record. 311 $a88-348-3440-2 327 $aCover; Quartino; Dedica; Indice; Capitolo Primo - La formazione e l'elevazione professionaledei lavoratori nel sistema costituzionale ed europeo; Capitolo Secondo - Formazione, occupabilita? e welfare; Capitolo Terzo - Tipologie contrattuali e formazione; Capitolo Quarto - Formazione ed esecuzionedel rapporto di lavoro; Ultimato di stampare 606 $aLabor contract$zItaly 606 $aLabor laws and legislation$zItaly 606 $aOccupational training$xLaw and legislation$zItaly 615 0$aLabor contract 615 0$aLabor laws and legislation 615 0$aOccupational training$xLaw and legislation 676 $a344.4501891 700 $aCiucciovino$b Silvia$0432240 801 0$bMiAaPQ 801 1$bMiAaPQ 801 2$bMiAaPQ 906 $aBOOK 912 $a9910817985303321 996 $aApprendimento e tutela del lavoro$9825971 997 $aUNINA